El financiamiento de la educación para la democracia en América Latina.

Guardado en:
Detalles Bibliográficos
Autor principal: Schiefelbein, Ernesto (autor)
Formato: Libro
Idioma:Español
Temas:
Acceso en línea:Ver documento en línea
Etiquetas: Agrega una etiqueta
Sin etiquetas, Sé el primero en etiquetar este registro!

MARC

LEADER 00000nam^a2200000^u^4500
001 000534527
005 20260512000000.0
008 170217s10001000^^^^cr^^r^^^^^000^0^spa^d
009 20260512123943.053
022 |a 01851284 
035 |a FCE 000078775 
037 |a Acervo ITESO - Biblioteca 
041 |a spa 
095 |a RLEE  |b 2016-4-131 
100 |a Schiefelbein, Ernesto  |e (autor) 
245 1 4 |a El financiamiento de la educación para la democracia en América Latina. 
264 |a México :  |b Centro de Estudios Educativos,  |c 2016. 
300 |a pp. 153-190 
336 |a texto  |b txt  |2 rdacontenido 
337 |a sin mediación  |b n  |2 rdamedio 
338 |a volumen  |b nc  |2 rdasoporte 
649 |a XX 
650 |a Justicia 
650 |a Igualdad social 
650 |a Investigación educativa 
650 |a Evaluación de programas y políticas 
650 |a Costo-beneficio 
740 |g Vol. 46, no.4, 2016, pp. 153-190  |t Revista Latinoamericana de Estudios Educativos. De la Historia para el Presente, 
856 4 0 |u https://www.cee.edu.mx/rlee/revista/r2011_2020/r_texto/t_2016_4_07.pdf  |y Ver documento en línea 
910 |a Fondo Centro de Estudios Educativos 
920 |a Impresos - Libros 
930 |a Fondos Especiales 
905 |a 133 
902 |a https://opac.biblio.iteso.mx/vufind/Record/000534527